La trágica historia de Hamlet, Príncep de Dinamarca / (Record no. 174977)
[ view plain ]
| 000 -LEADER | |
|---|---|
| campo de control de longitud fija | 00894nam a2200217 i 4500 |
| 001 - NÚMERO DE CONTROL | |
| campo de control | 174977 |
| 003 - IDENTIFICADOR DE NÚMERO DE CONTROL | |
| campo de control | ES-MaACL |
| 005 - FECHA Y HORA DE LA ÚLTIMA TRANSACCIÓN | |
| campo de control | 20240507111709.0 |
| 008 - DATOS DE LONGITUD FIJA--INFORMACIÓN GENERAL | |
| campo de control de longitud fija | 100831s1980 sp ao |||| |dspa d |
| 080 ## - NÚMERO DE LA CLASIFICACIÓN DECIMAL UNIVERSAL | |
| Número de la Clasificación Decimal Universal | 820 Shakespeare, William 7 Hamlet.06(0:792) |
| 245 03 - MENCIÓN DEL TÍTULO | |
| Título | La trágica historia de Hamlet, Príncep de Dinamarca / |
| Mención de responsabilidad, etc. | de William Shakespeare ; [Programa de la representación del Teatre Itinerant Català]. |
| 246 34 - FORMA VARIANTE DEL TITULO | |
| Título propio/Titulo breve | Hamlet |
| 260 ## - PUBLICACIÓN, DISTRIBUCIÓN, ETC. | |
| Lugar de publicación, distribución, etc. | [Barcelona] : |
| Nombre del editor, distribuidor, etc. | Obra Cultural de la Caja de Pensiones, |
| Fecha de publicación, distribución, etc. | [1980] |
| 300 ## - DESCRIPCIÓN FÍSICA | |
| Extensión | 43 p. : |
| Otras características físicas | il. neg. y col., fot. ; |
| Dimensiones | 30 cm. |
| 594 ## - Nota al título y mención de responsabilidad | |
| Nota al título y mención de responsabilidad | Trad. directa del inglés y versión: Terenci Moix. |
| 600 14 - PUNTO DE ACCESO ADICIONAL DE MATERIA--NOMBRE DE PERSONA | |
| Nombre de persona | Shakespeare, William, |
| Fechas asociadas al nombre | 1564-1616. |
| Título de la obra | Hamlet |
| 9 (RLIN) | 105997 |
| 700 1# - ENTRADA AGREGADA--NOMBRE PERSONAL | |
| Nombre de persona | Moix, Terenci. |
| 9 (RLIN) | 81822 |
| 710 2# - ENTRADA AGREGADA--NOMBRE DE ENTIDAD CORPORATIVA | |
| Nombre de entidad corporativa o nombre de jurisdicción como elemento de entrada | Caja de Pensiones para la Vejez y de Ahorros de Cataluña y Baleares. |
| 9 (RLIN) | 2328 |
| 852 ## - LOCALIZACIÓN | |
| Ubicación | ES-MaACL |
| Número de control de estantería | 2281-F-15 |
| Estatus retirado | Estado de pérdida | Estado de daño | No para préstamo | Colección | Biblioteca de origen | Biblioteca actual | Ubicación en estantería | Fecha de adquisición | Fuente de adquisición | Total de préstamos | Signatura topográfica completa | Código de barras | Visto por última vez | Precio de reemplazo | Tipo de ítem Koha |
|---|---|---|---|---|---|---|---|---|---|---|---|---|---|---|---|
| Colección de folletos | Biblioteca del Ateneo de Madrid | Biblioteca del Ateneo de Madrid | Depósito folletos | 31/08/2010 | 2281-F-15 | 1183727 | 23/02/2023 | 23/02/2023 | Folleto |
